[Event "escc2023_50"]
[Site "?"]
[Date "2023.05.30"]
[Round "5.7"]
[White "Bellia, Fabrizio"]
[Black "De Santis, Alessio"]
[Result "1-0"]
[BlackElo "2117"]
[WhiteElo "2393"]
[LiveChessVersion "1.4.8"]

1. e4 {[%clk 1:30:10]} c5 {[%clk 1:30:06]} 2. Nf3 {[%clk 1:30:32]} e6
{[%clk 1:30:03]} 3. d4 {[%clk 1:30:55]} cxd4 {[%clk 1:30:26]} 4. Nxd4
{[%clk 1:31:20]} a6 {[%clk 1:30:35]} 5. Bd3 {[%clk 1:31:28]} Nf6 {[%clk 1:30:13]}
6. O-O {[%clk 1:31:32]} Qc7 {[%clk 1:30:19]} 7. Qe2 {[%clk 1:31:32]} d6
{[%clk 1:21:46]} 8. c4 {[%clk 1:31:20]} Nbd7 {[%clk 0:52:36]} 9. f4
{[%clk 1:29:46]} Nc5 {[%clk 0:34:53]} 10. Bc2 {[%clk 1:27:56]} e5
{[%clk 0:35:10]} 11. Nf5 {[%clk 1:22:27]} Bxf5 {[%clk 0:35:31]} 12. exf5
{[%clk 1:22:51]} Be7 {[%clk 0:35:33]} 13. Nc3 {[%clk 1:21:29]} h5
{[%clk 0:30:24]} 14. Be3 {[%clk 1:14:31]} Kf8 {[%clk 0:29:51]} 15. Rad1
{[%clk 1:08:50]} Rc8 {[%clk 0:29:54]} 16. b4 {[%clk 1:00:05]} Ncd7
{[%clk 0:30:05]} 17. Bb3 {[%clk 1:00:30]} exf4 {[%clk 0:22:08]} 18. Rxf4
{[%clk 0:58:50]} Ne5 {[%clk 0:21:16]} 19. Bd4 Neg4 {[%clk 0:13:01]} 20. g3
{[%clk 0:34:40]} Re8 {[%clk 0:05:49]} 21. Ba4 {[%clk 0:33:05]} Rc8
{[%clk 0:05:33]} 22. Re1 {[%clk 0:32:29]} b6 {[%clk 0:04:01]} 23. Rxg4
{[%clk 0:19:48]} hxg4 {[%clk 0:04:05]} 24. Bxf6 {[%clk 0:20:09]} gxf6
{[%clk 0:03:43]} 25. Nd5 {[%clk 0:20:26]} Qa7 {[%clk 0:03:27]} 26. Qxe7+
{[%clk 0:16:53]} Qxe7 {[%clk 0:03:53]} 27. Rxe7 {[%clk 0:13:36]} Rxc4
{[%clk 0:03:58]} 28. Bb3 {[%clk 0:13:23]} Rd4 {[%clk 0:02:54]} 29. Rc7
{[%clk 0:10:56]} Kg7 {[%clk 0:02:48]} 30. Nf4 {[%clk 0:11:12]} Rxb4
{[%clk 0:02:01]} 31. Rxf7+ {[%clk 0:11:02]} Kh6 {[%clk 0:01:14]} 32. Rxf6+
{[%clk 0:11:20]} Kh7 {[%clk 0:01:31]} 33. Rxd6 {[%clk 0:08:36]} Rc8
{[%clk 0:01:51]} 34. Nd5 {[%clk 0:08:16]} Rc1+ {[%clk 0:00:39]} 35. Kf2
{[%clk 0:08:27]} Rb5 {[%clk 0:00:54]} 36. f6 {[%clk 0:08:14]} Rbc5
{[%clk 0:00:44]} 37. f7 {[%clk 0:07:43]} Kg7 {[%clk 0:01:01]} 38. Nf4
{[%clk 0:07:21]} R5c2+ {[%clk 0:00:45]} 39. Bxc2 {[%clk 0:07:15]} Rxc2+ 40. Ke3
{[%clk 0:06:40]} Kxf7 {[%clk 0:01:39]} 41. Rd2 {[%clk 0:05:58]} Rc3+
{[%clk 0:02:04]} 42. Ke4 {[%clk 0:06:17]} b5 {[%clk 0:02:13]} 43. Kf5
{[%clk 0:06:17]} b4 {[%clk 0:02:03]} 44. Kxg4 {[%clk 0:05:56]} b3
{[%clk 0:01:59]} 45. axb3 {[%clk 0:06:16]} Rxb3 {[%clk 0:02:28]} 46. Ra2
{[%clk 0:06:05]} Rb6 {[%clk 0:02:53]} 47. Nd5 {[%clk 0:04:50]} Rc6
{[%clk 0:02:49]} 48. Kf5 {[%clk 0:04:22]} Rc5 {[%clk 0:03:04]} 49. Ke5
{[%clk 0:04:42]} a5 {[%clk 0:03:29]} 50. Kd4 {[%clk 0:04:52]} Rb5
{[%clk 0:03:47]} 51. Kc4 {[%clk 0:05:01]} Rb1 {[%clk 0:04:06]} 52. Rxa5
{[%clk 0:05:05]} Rb2 {[%clk 0:04:27]} 53. h4 {[%clk 0:05:14]} Rg2
{[%clk 0:04:33]} 54. Ra7+ {[%clk 0:05:37]} Kf8 {[%clk 0:04:49]} 55. Ra3
{[%clk 0:05:46]} Rg1 {[%clk 0:05:13]} 56. Kd4 {[%clk 0:06:04]} Kg7
{[%clk 0:05:35]} 57. Ke4 {[%clk 0:06:10]} Kg6 {[%clk 0:05:55]} 58. Nf4+
{[%clk 0:05:34]} Kf6 {[%clk 0:06:00]} 59. Ra6+ {[%clk 0:05:56]} Kf7
{[%clk 0:06:14]} 60. Kf3 {[%clk 0:06:10]} Kg7 {[%clk 0:06:29]} 61. Kg4
{[%clk 0:06:18]} Kf7 {[%clk 0:06:45]} 62. h5 {[%clk 0:06:42]} Kg7
{[%clk 0:07:05]} 63. Kh4 {[%clk 0:07:06]} Kh7 {[%clk 0:07:23]} 64. g4
{[%clk 0:07:09]} Rb1 {[%clk 0:07:35]} 65. Ra7+ {[%clk 0:07:34]} Kg8
{[%clk 0:07:52]} 66. h6 {[%clk 0:07:22]} Rb6 {[%clk 0:07:46]} 67. g5
{[%clk 0:07:02]} Rb4 {[%clk 0:07:55]} 68. Kg4 {[%clk 0:07:20]} Rb6
{[%clk 0:07:29]} 69. Rg7+ {[%clk 0:07:05]} 1-0

[Event "escc2023_50"]
[Site "?"]
[Date "2023.05.30"]
[Round "5.8"]
[White "Berend, Fred"]
[Black "Atalik, Suat"]
[Result "1/2-1/2"]
[BlackElo "2441"]
[WhiteElo "2257"]
[LiveChessVersion "1.4.8"]

1. e4 {[%clk 1:30:54]} e5 {[%clk 1:30:33]} 2. Nf3 {[%clk 1:31:20]} Nc6
{[%clk 1:30:41]} 3. Bc4 {[%clk 1:31:45]} Nf6 {[%clk 1:30:53]} 4. d3
{[%clk 1:32:10]} Bc5 {[%clk 1:30:22]} 5. c3 {[%clk 1:32:28]} d6 {[%clk 1:29:24]}
6. Bb3 {[%clk 1:31:34]} a5 {[%clk 1:26:00]} 7. O-O {[%clk 1:31:04]} Ba7
{[%clk 1:25:37]} 8. Nbd2 {[%clk 1:27:29]} O-O {[%clk 1:24:00]} 9. h3
{[%clk 1:24:36]} Ne7 {[%clk 1:22:27]} 10. Re1 {[%clk 1:21:46]} Ng6
{[%clk 1:21:04]} 11. Nf1 {[%clk 1:21:36]} c6 {[%clk 1:15:45]} 12. d4
{[%clk 1:20:13]} exd4 {[%clk 1:13:00]} 13. Nxd4 {[%clk 1:16:04]} d5
{[%clk 1:13:16]} 14. Bg5 {[%clk 1:10:18]} dxe4 {[%clk 1:08:40]} 15. Ng3
{[%clk 1:09:35]} Bxd4 {[%clk 0:56:47]} 16. cxd4 {[%clk 1:02:13]} h6
{[%clk 0:49:59]} 17. Bxf6 {[%clk 1:01:29]} Qxf6 {[%clk 0:50:24]} 18. Nxe4
{[%clk 1:01:25]} Qd8 {[%clk 0:50:07]} 19. Nc3 {[%clk 0:49:06]} Qf6
{[%clk 0:44:32]} 20. Ne4 {[%clk 0:49:19]} Qd8 {[%clk 0:44:13]} 21. Nc3
{[%clk 0:49:27]} Qf6 {[%clk 0:44:08]} 1/2-1/2

[Event "escc2023_50"]
[Site "?"]
[Date "2023.05.30"]
[Round "5.9"]
[White "Lacasa Diaz, Jose Antonio"]
[Black "Dieu, Bruno"]
[Result "1-0"]
[BlackElo "2251"]
[WhiteElo "2359"]
[LiveChessVersion "1.4.8"]

1. e4 {[%clk 1:30:56]} e6 {[%clk 1:30:28]} 2. d4 {[%clk 1:31:13]} d5
{[%clk 1:28:35]} 3. e5 {[%clk 1:31:28]} c5 {[%clk 1:29:00]} 4. c3
{[%clk 1:31:49]} Nc6 {[%clk 1:29:20]} 5. Nf3 {[%clk 1:32:04]} Nh6
{[%clk 1:29:22]} 6. a3 {[%clk 1:26:45]} f6 {[%clk 1:29:09]} 7. Bxh6
{[%clk 1:08:34]} gxh6 {[%clk 1:29:17]} 8. Bd3 {[%clk 1:08:55]} fxe5
{[%clk 1:15:11]} 9. Nxe5 {[%clk 1:02:35]} Nxe5 {[%clk 1:15:06]} 10. dxe5
{[%clk 1:02:59]} Qg5 {[%clk 1:14:54]} 11. O-O {[%clk 1:03:11]} Qxe5
{[%clk 1:11:37]} 12. Re1 {[%clk 1:01:53]} Qf6 {[%clk 1:11:39]} 13. Qh5+
{[%clk 0:52:29]} Kd8 {[%clk 1:11:39]} 14. Nd2 {[%clk 0:52:19]} Qg5
{[%clk 1:04:22]} 15. Qe2 {[%clk 0:51:43]} Bd6 {[%clk 1:01:52]} 16. c4
{[%clk 0:38:12]} Bd7 {[%clk 1:00:07]} 17. Rad1 {[%clk 0:35:03]} Kc7
{[%clk 0:57:58]} 18. b4 {[%clk 0:33:42]} Rhg8 {[%clk 0:45:30]} 19. g3
{[%clk 0:32:35]} Raf8 {[%clk 0:45:12]} 20. Be4 {[%clk 0:24:50]} Ba4
{[%clk 0:36:26]} 21. Nf3 {[%clk 0:19:02]} Bxd1 {[%clk 0:30:04]} 22. Rxd1
{[%clk 0:17:48]} Qg4 {[%clk 0:29:10]} 23. cxd5 {[%clk 0:17:58]} Rf4
{[%clk 0:26:30]} 24. bxc5 {[%clk 0:17:04]} Bxc5 {[%clk 0:23:45]} 25. d6+
{[%clk 0:07:49]} Kb8 {[%clk 0:20:58]} 26. d7 {[%clk 0:04:16]} Bb6
{[%clk 0:16:58]} 27. d8=Q+ {[%clk 0:03:27]} Rxd8 {[%clk 0:16:21]} 28. Rxd8+
{[%clk 0:02:57]} Bxd8 {[%clk 0:16:50]} 29. Qd2 {[%clk 0:02:06]} Bc7
{[%clk 0:17:16]} 30. Ne5 {[%clk 0:02:07]} Qg5 {[%clk 0:16:31]} 31. Qxf4
{[%clk 0:01:37]} Bxe5 {[%clk 0:16:51]} 32. Qf8+ {[%clk 0:01:55]} Kc7
{[%clk 0:17:07]} 33. Qf7+ {[%clk 0:02:23]} Kd6 {[%clk 0:17:21]} 34. Qxb7
{[%clk 0:02:45]} Qc1+ {[%clk 0:17:17]} 35. Kg2 {[%clk 0:03:12]} Qc7
{[%clk 0:17:26]} 36. Qb4+ {[%clk 0:03:32]} Qc5 {[%clk 0:17:55]} 37. Qb8+
{[%clk 0:03:43]} Qc7 {[%clk 0:18:24]} 38. Qf8+ {[%clk 0:03:34]} Qe7
{[%clk 0:18:38]} 39. Qxh6 {[%clk 0:03:54]} Bd4 {[%clk 0:17:57]} 40. Qxh7
{[%clk 0:02:26]} Qf6 {[%clk 0:17:50]} 41. Bf3 {[%clk 0:02:09]} Qg5
{[%clk 0:15:49]} 42. Qd3 {[%clk 0:30:16]} Qc5 {[%clk 0:45:26]} 43. a4
{[%clk 0:28:35]} Kc7 {[%clk 0:42:57]} 44. Qe2 {[%clk 0:27:55]} Kd6
{[%clk 0:42:13]} 45. Be4 {[%clk 0:27:39]} Qc3 {[%clk 0:40:39]} 46. Qc2
{[%clk 0:26:02]} Qxc2 {[%clk 0:38:16]} 47. Bxc2 {[%clk 0:26:24]} e5
{[%clk 0:38:44]} 48. g4 {[%clk 0:25:20]} Ke6 {[%clk 0:38:37]} 49. h4
{[%clk 0:25:33]} a5 {[%clk 0:38:38]} 50. Kg3 {[%clk 0:25:39]} Kf6
{[%clk 0:38:53]} 51. g5+ {[%clk 0:25:59]} Kg7 {[%clk 0:39:04]} 52. h5
{[%clk 0:25:53]} Kf7 {[%clk 0:39:21]} 53. Be4 {[%clk 0:24:18]} Bc5
{[%clk 0:38:37]} 54. h6 {[%clk 0:24:08]} Be7 {[%clk 0:37:08]} 55. g6+
{[%clk 0:24:19]} Kf6 {[%clk 0:37:28]} 56. g7 {[%clk 0:24:40]} 1-0

[Event "escc2023_50"]
[Site "?"]
[Date "2023.05.30"]
[Round "5.10"]
[White "Mrva, Martin"]
[Black "Dishman, Stephen"]
[Result "0-1"]
[BlackElo "2259"]
[WhiteElo "2353"]
[LiveChessVersion "1.4.8"]

1. e4 {[%clk 1:30:56]} c5 {[%clk 1:30:46]} 2. Nf3 {[%clk 1:31:19]} g6
{[%clk 1:31:05]} 3. d4 {[%clk 1:31:31]} cxd4 {[%clk 1:31:27]} 4. Nxd4
{[%clk 1:26:27]} Nc6 {[%clk 1:31:48]} 5. Nc3 {[%clk 1:26:47]} Bg7
{[%clk 1:31:59]} 6. Be3 {[%clk 1:27:05]} Nf6 {[%clk 1:32:11]} 7. Qd2
{[%clk 1:20:14]} Ng4 {[%clk 1:25:46]} 8. Nxc6 {[%clk 1:18:41]} dxc6
{[%clk 1:25:10]} 9. Qxd8+ {[%clk 1:18:16]} Kxd8 {[%clk 1:25:33]} 10. Rd1+
{[%clk 1:18:02]} Ke8 {[%clk 1:15:38]} 11. Bf4 {[%clk 1:11:30]} Bxc3+
{[%clk 1:04:08]} 12. bxc3 {[%clk 1:11:49]} e5 {[%clk 1:04:15]} 13. Bc1
{[%clk 1:08:23]} Be6 {[%clk 1:02:13]} 14. Ba3 {[%clk 1:02:00]} Rd8
{[%clk 1:01:14]} 15. Bd6 {[%clk 0:53:51]} f6 {[%clk 1:01:15]} 16. Be2
{[%clk 0:35:52]} Nh6 {[%clk 0:41:26]} 17. f4 {[%clk 0:16:16]} exf4
{[%clk 0:36:39]} 18. Bxf4 {[%clk 0:11:10]} Rxd1+ {[%clk 0:36:00]} 19. Kxd1
{[%clk 0:11:34]} Ng4 {[%clk 0:29:39]} 20. Kc1 {[%clk 0:06:26]} Ne5
{[%clk 0:28:27]} 21. Rd1 {[%clk 0:04:39]} Ke7 {[%clk 0:24:56]} 22. Rd4
{[%clk 0:03:57]} c5 {[%clk 0:22:31]} 23. Rd1 {[%clk 0:03:14]} Rc8
{[%clk 0:22:34]} 24. Rf1 {[%clk 0:02:39]} Rc6 {[%clk 0:19:28]} 25. Bb5
{[%clk 0:02:06]} Rb6 {[%clk 0:19:19]} 26. a4 {[%clk 0:02:22]} Bc4
{[%clk 0:17:29]} 27. Rd1 {[%clk 0:02:31]} Bxb5 {[%clk 0:17:49]} 28. axb5
{[%clk 0:02:57]} Rxb5 {[%clk 0:18:11]} 29. Rd5 {[%clk 0:03:13]} Nc4
{[%clk 0:16:56]} 30. Bc7 {[%clk 0:02:25]} a5 {[%clk 0:16:50]} 31. Rd8
{[%clk 0:02:28]} a4 {[%clk 0:14:41]} 32. Ra8 {[%clk 0:02:52]} a3 {[%clk 0:15:05]}
33. g4 {[%clk 0:02:46]} Kd7 {[%clk 0:15:06]} 34. Bf4 {[%clk 0:01:38]} Na5
{[%clk 0:14:30]} 35. c4 {[%clk 0:01:55]} a2 {[%clk 0:14:45]} 0-1

[Event "escc2023_50"]
[Site "?"]
[Date "2023.05.30"]
[Round "5.11"]
[White "Prie, Eric"]
[Black "Mordiglia, Riccardo"]
[Result "1-0"]
[BlackElo "2073"]
[WhiteElo "2352"]
[LiveChessVersion "1.4.8"]

1. d4 {[%clk 1:30:57]} d6 {[%clk 1:30:29]} 2. Nf3 {[%clk 1:31:14]} Nf6
{[%clk 1:30:46]} 3. Nc3 {[%clk 1:31:28]} g6 {[%clk 1:30:29]} 4. e4
{[%clk 1:31:50]} Bg7 {[%clk 1:30:38]} 5. Be3 {[%clk 1:32:12]} O-O
{[%clk 1:30:44]} 6. Qd2 {[%clk 1:32:34]} c6 {[%clk 1:29:54]} 7. Bh6
{[%clk 1:26:51]} Nbd7 {[%clk 1:28:52]} 8. h4 {[%clk 1:22:20]} e5 {[%clk 1:24:07]}
9. O-O-O {[%clk 1:11:34]} Qa5 {[%clk 1:15:33]} 10. Bxg7 {[%clk 0:29:58]} Kxg7
{[%clk 1:15:18]} 11. dxe5 {[%clk 0:25:42]} dxe5 {[%clk 1:15:03]} 12. h5
{[%clk 0:25:58]} Nxh5 {[%clk 1:05:19]} 13. Rxh5 {[%clk 0:26:19]} gxh5
{[%clk 1:05:36]} 14. Qg5+ {[%clk 0:26:44]} Kh8 {[%clk 1:05:50]} 15. Rxd7
{[%clk 0:27:00]} Bxd7 {[%clk 1:05:19]} 16. Qf6+ {[%clk 0:27:26]} Kg8
{[%clk 1:05:32]} 17. Ng5 {[%clk 0:27:48]} Qd8 {[%clk 1:03:46]} 18. Qh6
{[%clk 0:28:01]} 1-0

[Event "escc2023_50"]
[Site "?"]
[Date "2023.05.30"]
[Round "5.12"]
[White "Ceccarini, Marco"]
[Black "Vinter-Schou, Uffe"]
[Result "0-1"]
[BlackElo "2351"]
[WhiteElo "2027"]
[LiveChessVersion "1.4.8"]

1. e4 {[%clk 1:30:37]} c5 {[%clk 1:30:53]} 2. Nf3 {[%clk 1:30:41]} Nc6
{[%clk 1:31:04]} 3. d4 {[%clk 1:31:04]} cxd4 {[%clk 1:31:30]} 4. Nxd4
{[%clk 1:31:28]} Qb6 {[%clk 1:31:42]} 5. Nb3 {[%clk 1:30:19]} Nf6
{[%clk 1:32:04]} 6. Nc3 {[%clk 1:29:57]} e6 {[%clk 1:32:21]} 7. Be3
{[%clk 1:28:10]} Qc7 {[%clk 1:32:39]} 8. a3 {[%clk 1:19:51]} a6 {[%clk 1:32:15]}
9. Be2 {[%clk 1:16:01]} b5 {[%clk 1:32:08]} 10. f4 {[%clk 1:12:14]} d6
{[%clk 1:29:44]} 11. O-O {[%clk 1:07:44]} Be7 {[%clk 1:29:31]} 12. Bf3
{[%clk 1:06:29]} Rb8 {[%clk 1:24:02]} 13. Qe2 {[%clk 0:57:15]} O-O
{[%clk 1:23:46]} 14. g4 {[%clk 0:55:06]} b4 {[%clk 1:13:54]} 15. axb4
{[%clk 0:54:14]} Rxb4 {[%clk 1:14:18]} 16. Qg2 {[%clk 0:45:09]} Nd7
{[%clk 1:08:08]} 17. g5 {[%clk 0:32:28]} Nb6 {[%clk 0:53:44]} 18. f5
{[%clk 0:27:59]} Nc4 {[%clk 0:53:45]} 19. Bf2 {[%clk 0:24:02]} Nxb2
{[%clk 0:45:19]} 20. f6 {[%clk 0:21:50]} Bd8 {[%clk 0:45:32]} 21. fxg7
{[%clk 0:20:32]} Kxg7 {[%clk 0:45:51]} 22. Kh1 {[%clk 0:13:21]} Ne5
{[%clk 0:45:58]} 23. Ne2 {[%clk 0:07:46]} Qxc2 {[%clk 0:40:33]} 24. Nbd4
{[%clk 0:06:10]} Qc7 {[%clk 0:40:56]} 25. Ng3 {[%clk 0:04:40]} Nbd3
{[%clk 0:40:13]} 26. Be3 {[%clk 0:04:24]} Kh8 {[%clk 0:37:06]} 27. Bh5
{[%clk 0:03:06]} Rg8 {[%clk 0:35:25]} 28. Qh3 {[%clk 0:02:03]} Bxg5
{[%clk 0:33:55]} 29. Bxg5 {[%clk 0:02:00]} Rxg5 {[%clk 0:34:23]} 30. Nf3
{[%clk 0:00:55]} Rg7 {[%clk 0:30:16]} 31. Nh4 {[%clk 0:00:42]} Bb7
{[%clk 0:30:03]} 32. Bxf7 {[%clk 0:00:35]} Rxe4 {[%clk 0:25:08]} 33. Ng2
{[%clk 0:01:00]} Nxf7 {[%clk 0:19:51]} 34. Rab1 Nf4 {[%clk 0:19:20]} 35. Rfc1
{[%clk 0:00:32]} Re1+ {[%clk 0:18:05]} 36. Rxe1 {[%clk 0:00:44]} Nxh3 0-1

[Event "escc2023_50"]
[Site "?"]
[Date "2023.05.30"]
[Round "5.13"]
[White "Sigfusson, Sigurdur"]
[Black "Cardili, Mariano"]
[Result "1/2-1/2"]
[BlackElo "2038"]
[WhiteElo "2279"]
[LiveChessVersion "1.4.8"]

1. e4 {[%clk 1:30:58]} c6 {[%clk 1:30:40]} 2. d4 {[%clk 1:31:22]} d5
{[%clk 1:31:03]} 3. Nc3 {[%clk 1:31:48]} dxe4 {[%clk 1:31:14]} 4. Nxe4
{[%clk 1:32:12]} Bf5 {[%clk 1:31:34]} 5. Ng3 {[%clk 1:32:24]} Bg6
{[%clk 1:31:55]} 6. h4 {[%clk 1:32:51]} h6 {[%clk 1:32:10]} 7. Nf3
{[%clk 1:33:14]} Nd7 {[%clk 1:32:31]} 8. h5 {[%clk 1:33:40]} Bh7 {[%clk 1:32:55]}
9. Bd3 {[%clk 1:34:06]} Bxd3 {[%clk 1:33:03]} 10. Qxd3 {[%clk 1:34:31]} e6
{[%clk 1:33:18]} 11. Bd2 {[%clk 1:34:52]} Ngf6 {[%clk 1:33:20]} 12. O-O-O
{[%clk 1:34:41]} Be7 {[%clk 1:33:41]} 13. Ne4 {[%clk 1:31:20]} Nxe4
{[%clk 1:31:42]} 14. Qxe4 {[%clk 1:31:44]} Nf6 {[%clk 1:32:05]} 15. Qe2
{[%clk 1:28:55]} Qd5 {[%clk 1:31:05]} 16. c4 {[%clk 1:27:10]} Qe4
{[%clk 1:30:19]} 17. Qxe4 {[%clk 1:27:25]} Nxe4 {[%clk 1:30:36]} 18. Be3
{[%clk 1:27:51]} f5 {[%clk 1:10:41]} 19. g3 {[%clk 1:19:23]} Bg5 {[%clk 1:07:58]}
20. Bxg5 {[%clk 1:13:05]} hxg5 {[%clk 1:01:03]} 21. Rh2 {[%clk 1:12:49]} g4
{[%clk 0:54:47]} 22. Ne5 {[%clk 1:11:21]} Rd8 {[%clk 0:54:37]} 23. Rd3
{[%clk 1:06:37]} Nf6 {[%clk 0:53:12]} 24. Rb3 {[%clk 1:06:17]} b6
{[%clk 0:36:56]} 25. c5 {[%clk 1:00:24]} Rxd4 {[%clk 0:28:04]} 26. cxb6
{[%clk 1:00:43]} axb6 {[%clk 0:28:26]} 27. Rxb6 {[%clk 1:00:21]} Nd7
{[%clk 0:22:54]} 28. Nxd7 {[%clk 0:56:41]} Rxd7 {[%clk 0:22:38]} 29. Rb8+
{[%clk 0:47:33]} Rd8 {[%clk 0:22:38]} 30. Rb7 {[%clk 0:45:52]} Rd7
{[%clk 0:22:12]} 31. Rb8+ {[%clk 0:41:24]} Rd8 {[%clk 0:22:35]} 32. Rb7
{[%clk 0:41:19]} 1/2-1/2

[Event "escc2023_50"]
[Site "?"]
[Date "2023.05.30"]
[Round "5.14"]
[White "Battistella, Stefano"]
[Black "Melikhov, Evgeny V."]
[Result "1/2-1/2"]
[BlackElo "2269"]
[WhiteElo "2006"]
[LiveChessVersion "1.4.8"]

1. c4 {[%clk 1:30:58]} e5 {[%clk 1:30:39]} 2. Nc3 {[%clk 1:31:20]} d6
{[%clk 1:30:30]} 3. g3 {[%clk 1:31:33]} f5 {[%clk 1:30:39]} 4. d4
{[%clk 1:31:50]} e4 {[%clk 1:29:34]} 5. f3 {[%clk 1:31:27]} exf3 {[%clk 1:28:51]}
6. exf3 {[%clk 1:29:19]} Nf6 {[%clk 1:28:45]} 7. Nh3 {[%clk 1:28:44]} Be7
{[%clk 1:27:55]} 8. Bg2 {[%clk 1:28:22]} O-O {[%clk 1:26:38]} 9. O-O
{[%clk 1:28:29]} c6 {[%clk 1:24:33]} 10. d5 {[%clk 1:23:17]} Na6 {[%clk 1:19:40]}
11. Be3 {[%clk 1:15:52]} Nc7 {[%clk 1:16:34]} 12. Nf4 {[%clk 1:09:34]} Qe8
{[%clk 1:05:47]} 13. Qd2 {[%clk 1:09:11]} Qf7 {[%clk 1:04:51]} 14. Rad1
{[%clk 1:04:02]} Bd7 {[%clk 0:56:03]} 15. Rfe1 {[%clk 1:01:07]} g5
{[%clk 0:49:38]} 16. Nfe2 {[%clk 1:00:38]} cxd5 {[%clk 0:48:11]} 17. cxd5
{[%clk 0:56:50]} h6 {[%clk 0:47:17]} 18. f4 {[%clk 0:47:16]} g4 {[%clk 0:42:15]}
19. Bf2 {[%clk 0:43:15]} Rfe8 {[%clk 0:38:43]} 20. Nc1 {[%clk 0:41:18]} a6
{[%clk 0:34:51]} 21. Nb3 {[%clk 0:36:34]} Bf8 {[%clk 0:32:26]} 22. Na5
{[%clk 0:35:32]} b5 {[%clk 0:32:19]} 23. a3 {[%clk 0:32:17]} Rxe1+
{[%clk 0:31:19]} 24. Rxe1 {[%clk 0:31:57]} Re8 {[%clk 0:31:43]} 25. Rxe8
{[%clk 0:29:55]} Bxe8 {[%clk 0:29:28]} 26. Qd3 {[%clk 0:28:16]} Qd7
{[%clk 0:29:17]} 27. Nc6 {[%clk 0:25:54]} Bg6 {[%clk 0:23:44]} 28. Bd4
{[%clk 0:19:58]} Bg7 {[%clk 0:17:40]} 29. Bb6 {[%clk 0:20:17]} Kh8
{[%clk 0:16:37]} 30. Nd4 {[%clk 0:17:46]} Ne4 {[%clk 0:09:02]} 31. Nde2
{[%clk 0:12:29]} Nc5 {[%clk 0:05:22]} 32. Qe3 {[%clk 0:12:34]} Ne4
{[%clk 0:03:10]} 33. Bd4 {[%clk 0:10:37]} Qf7 {[%clk 0:02:17]} 34. Bxe4
{[%clk 0:05:05]} fxe4 {[%clk 0:02:33]} 35. Bxg7+ {[%clk 0:04:39]} Kxg7
{[%clk 0:02:38]} 36. Qd4+ {[%clk 0:04:47]} Qf6 {[%clk 0:02:52]} 37. Kf2
{[%clk 0:04:15]} Qxd4+ {[%clk 0:01:07]} 38. Nxd4 {[%clk 0:04:39]} Bf7
{[%clk 0:01:18]} 39. Nf5+ {[%clk 0:02:02]} Kg6 {[%clk 0:01:34]} 40. Nxd6
{[%clk 0:02:08]} Bxd5 {[%clk 0:01:40]} 41. Nxd5 {[%clk 0:01:41]} Nxd5
{[%clk 0:01:59]} 42. Nxe4 {[%clk 0:01:49]} h5 {[%clk 0:01:57]} 43. Nc5
{[%clk 0:27:25]} a5 {[%clk 0:32:00]} 44. Nb3 {[%clk 0:25:58]} a4 {[%clk 0:32:15]}
45. Nd4 {[%clk 0:25:36]} b4 {[%clk 0:32:36]} 46. axb4 {[%clk 0:23:30]} Nxb4
{[%clk 0:33:01]} 47. Ke3 {[%clk 0:23:48]} h4 {[%clk 0:28:13]} 48. Ke4
{[%clk 0:23:29]} h3 {[%clk 0:23:45]} 49. f5+ {[%clk 0:20:37]} Kf6
{[%clk 0:22:24]} 50. Ne2 {[%clk 0:19:23]} Kg5 {[%clk 0:21:04]} 51. Nc3
{[%clk 0:14:54]} Nc2 {[%clk 0:20:40]} 52. Ke5 {[%clk 0:12:12]} a3
{[%clk 0:09:34]} 53. bxa3 {[%clk 0:11:48]} Nxa3 {[%clk 0:08:53]} 54. Ne4+
{[%clk 0:12:09]} Kh6 {[%clk 0:08:57]} 55. Ke6 {[%clk 0:11:22]} Nb5
{[%clk 0:09:09]} 56. f6 {[%clk 0:10:30]} Kg6 {[%clk 0:09:17]} 57. f7
{[%clk 0:10:16]} Nd4+ {[%clk 0:08:09]} 58. Ke7 {[%clk 0:10:19]} Nf5+
{[%clk 0:07:12]} 59. Ke8 {[%clk 0:07:16]} Ng7+ {[%clk 0:07:26]} 60. Kf8
{[%clk 0:07:01]} Nf5 {[%clk 0:07:19]} 61. Ke8 {[%clk 0:06:09]} Ng7+
{[%clk 0:07:38]} 62. Ke7 {[%clk 0:04:02]} Nf5+ {[%clk 0:07:36]} 63. Ke6
{[%clk 0:03:21]} Ng7+ {[%clk 0:07:18]} 64. Ke5 {[%clk 0:03:37]} Kxf7
{[%clk 0:07:32]} 65. Kf4 {[%clk 0:04:00]} Kg6 {[%clk 0:07:21]} 66. Kxg4
{[%clk 0:04:21]} Nf5 {[%clk 0:07:16]} 67. Kxh3 {[%clk 0:04:41]} Ne3
{[%clk 0:07:28]} 68. Kh4 {[%clk 0:03:56]} Nf1 {[%clk 0:07:27]} 69. Kh3
{[%clk 0:03:40]} Ne3 {[%clk 0:07:45]} 70. Kh4 {[%clk 0:03:35]} Nf1
{[%clk 0:06:39]} 71. Kh3 {[%clk 0:03:25]} Ne3 1/2-1/2